America's failure in China 1941-50
محفوظ في:
| المؤلف الرئيسي: | |
|---|---|
| التنسيق: | كتاب |
| اللغة: | Undetermined |
| منشور في: |
London
The University of Chicago Press
1963
|
| الوسوم: |
إضافة وسم
لا توجد وسوم, كن أول من يضع وسما على هذه التسجيلة!
|
| Thư viện lưu trữ: | Trung tâm Học liệu Trường Đại học Cần Thơ |
|---|
| LEADER | 00450nam a2200169Ia 4500 | ||
|---|---|---|---|
| 001 | CTU_91824 | ||
| 008 | 210402s9999 xx 000 0 und d | ||
| 082 | |a 327.73 | ||
| 082 | |b T882 | ||
| 100 | |a Tsou, Tang | ||
| 245 | 0 | |a America's failure in China 1941-50 | |
| 245 | 0 | |c Tang Tsou | |
| 260 | |a London | ||
| 260 | |b The University of Chicago Press | ||
| 260 | |c 1963 | ||
| 904 | |i Tuyến | ||
| 980 | |a Trung tâm Học liệu Trường Đại học Cần Thơ | ||